Sports Quiz

Random Sports Quiz

Footballers by clue Quiz Stats

 Plays Quiz not verified by Sporcle

Score 0/20 Timer 15:00
0 Plays Today
Clue Player name % Correct
Capitol of AfghanistanYounes Kaboul
59.1%
Opposite of wrong + Electronics brandShaun Wright-Phillips
43.9%
Direction + EverybodyNeville Southall
36.4%
Automobile + Danish defenderJamie Carragher
33.3%
Writing equipment + social insectJermaine Pennant
33.3%
Videogame console + Local area networkGlen Whelan
28.8%
Indie artist + meatDavid Beckham
27.3%
Bending downPeter Crouch
25.8%
A friendly bullRio Ferdinand
25.8%
Italian city + Brazilian cityRomario
22.7%
Clue Player name % Correct
A danceChristopher Samba
22.7%
BatmanGareth Bale
19.7%
Crowding together closely + under the influence of drugsTom Huddlestone
18.2%
To excist times twoBebe
18.2%
Hip-Hop artist + Rhode IslandSamir Nasri
13.6%
CrackersSergio Busquets
12.1%
Pronoun + Winter leisure instrumentEmile Heskey
12.1%
Enemy + common verbRivaldo
10.6%
People in line + feeling goodHarry Kewell
9.1%
Scam + Board game + Door openerPaul Konchesky
4.5%

You're not logged in!

Compare scores with friends on all Sporcle quizzes.
OR
Log In

Show Comments

Extras

Created Nov 6, 2010ReportNominate
Tags:footballer, player

Top Quizzes Today


Score Distribution

Your Account Isn't Verified!

In order to create a playlist on Sporcle, you need to verify the email address you used during registration. Go to your Sporcle Settings to finish the process.

Report this User

Report this user for behavior that violates our Community Guidelines.

Details: